000 01485nam0a2200373 4500
001 RU\NLR\bibl\1523474
005 20260406103742.0
010 _a978-5-17-065803-9
_bАСТ
010 _a978-5-9725-1733-6
_bАстрель-СПб
_930000
021 _aRU
_b2010-37040
_92480
035 _a(NLR Aleph) 001514827
090 _a103403
_c103403
100 _a20100519d2010 |||y0rusy50 ca
101 1 _arus
_ceng
102 _aRU
105 _ay |||||||||
200 1 _aТемный альянс
_fЛ. Дж. Смит
_g[пер. с англ.: Е. Кулешов]
210 _aМосква
_cАСТ
_aСанкт-Петербург
_cАстрель-СПб
_d2010
215 _a348, [1] с.
_d17
225 1 _aДневники вампира
_dThe vampire diaries
_zeng
300 _aВ макете и на кореше загл.: Дневники вампира. Темный альянс
320 _aДр. произведения авт. на 4-й с. обл.
517 0 _aДневники вампира. Темный альянс
686 _aШ6(7США)67-445{Лх1979-62}
700 1 _4070
_8rus
_7ca
_aСмит
_bЛ. Д.
_cписатель
_f1965-2025
_gЛиза Джейн
_3RU\NLR\AUTH\7791997
_974924
801 0 _aRU
_bРГБ
_c20100519
_grcr
801 1 _aRU
_bРГБ
_c20100519
801 2 _aRU
_bNLR
_c20100615
_grcr
830 _aпо эк
830 _aCODE_OF_LIBNET\000047546
942 _cBOOK
980 _aNB